000 00811cam a22002417a 4500
001 BD-DhSAU 6816
003 BD-DhSAU
005 20150513161758.0
008 130121s1993 ph a b 000 0 eng
020 _a971220037X
040 _aBD-DhSAU
082 _222
_a632.7
_bROP
100 1 _aRola, Agnes C.
245 1 0 _aPesticides, rice productivity, and farmers' health :
_ban economic assessment /
_cAgnes C. Rola and Prabhu L. Pingali.
260 _aManila, Philippines :
_bInternational Rice Research Institute ;
_aWashington, D.C., USA :
_bWorld Resources Institute,
_cc1993.
300 _ax, 100 p. :
_bill. ;
_c23 cm.
504 _aIncludes bibliographical references.
590 _aJerin
650 _aEntomology
650 _aPesticides
650 _arice productivity
700 _aPingali, Prabhu L.
942 _2ddc
_cBOOK
999 _c6816
_d6816